000 00681cam a22002171 4500
001 ca 36000363
003 DLC
005 20260227111141.0
008 890515s1936 maua 000 0 eng
010 _aca 36000363
035 _a(OCoLC)19704941
040 _aDLC
_cRPB
_dDLC
042 _apremarc
050 0 0 _aPS3519.O247
_bB25 1936
082 _a812.5
100 1 _aJohnson, Frederick G.
_q(Frederick Green),
_d1890-1941.
245 1 0 _aBalmy Mr. Brown;
_ba three-act farce,
_cby Frederick G. Johnson ...
260 _aBoston, Mass.,
_aLos Angeles, Cal.
_b[Walter H. Baker Company,
_cc1936]
300 _a2 p. l., [3]-149 p.
_bdiagr.
_c19 cm.
490 0 _aBakers̕ royalty plays
999 _c18070
_d18070